Reichste Länder - Asien - Statistiken

Allgemein
  • Dieses Quiz wurde 75 mal gespielt
  • Das Durchschnittsergebnis liegt bei 12 aus 15
Antwortstatistiken
Hint Antwort % Korrekt
35,54 Bio. China
98%
6,40 Bio. Japan
97%
3,11 Bio. Südkorea
93%
14,62 Bio. Indien
89%
1,68 Bio. Thailand
87%
4,33 Bio. Indonesien
85%
3,02 Bio. Saudi Arabien
85%
6,51 Bio. Russland
82%
1,60 Bio. Iran
79%
1,50 Bio. Vietnam
77%
1,28 Bio. Malaysia
74%
1,74 Bio. Taiwan
70%
1,51 Bio. Pakistan
67%
3,28 Bio. Türkei
67%
1,57 Bio. Bangladesch
52%
Keine übereinstimmenden Quizze gefunden
Verteilung der Resultate
Anzahl Personen mit jedem Resultat
Perzentil nach korrekt beantworteten Fragen
Ihre Resultats-Entwicklung
Sie haben dieses Quiz noch nicht gespielt